Thực hành điều trị tâm lý
Đã lưu trong:
| Príomhúdar: | |
|---|---|
| Formáid: | Leabhar |
| Foilsithe: |
Hà Nội
Y học
2002
|
| Ábhair: | |
| Clibeanna: |
Cuir Clib Leis
Gan Chlibeanna, Bí ar an gcéad duine leis an taifead seo a chlibeáil!
|
| Thư viện lưu trữ: | Trung tâm Học liệu Lê Vũ Hùng, Trường Đại học Đồng Tháp |
|---|
| LEADER | 00800aam a22003378a 4500 | ||
|---|---|---|---|
| 001 | 00035353 | ||
| 005 | 20171026081023.0 | ||
| 008 | 161202s2002 ||||||Viesd | ||
| 041 | 0 | # | |a Vie |
| 082 | 1 | # | |a 616.8 |b TH552H |
| 100 | 0 | # | |a Võ, Văn Bản |
| 245 | 1 | 0 | |a Thực hành điều trị tâm lý |c Võ Văn Bản |
| 260 | # | # | |a Hà Nội |b Y học |c 2002 |
| 300 | # | # | |a 332tr |c 21cm. |
| 653 | # | # | |a Sức khỏe |
| 653 | # | # | |a Tâm lý |
| 653 | # | # | |a Điều trị |
| 852 | # | # | |b Kho đọc |j KD.0017397 |
| 852 | # | # | |j KD.0017397 |
| 910 | |d 02/12/2016 | ||
| 980 | # | # | |a Trung tâm Học liệu Lê Vũ Hùng, Trường Đại học Đồng Tháp |